Accumulation,exchange and development : Essays on the Indian economy (Record no. 40820)

MARC details
000 -LEADER
fixed length control field 00325nam a2200109Ia 4500
082 ## - DEWEY DECIMAL CLASSIFICATION NUMBER
Classification number 330.34
Item number BHA
100 ## - MAIN ENTRY--AUTHOR NAME
Personal name Bharadwaj, Krishna
245 #0 - TITLE STATEMENT
Title Accumulation,exchange and development : Essays on the Indian economy
260 ## - PUBLICATION, DISTRIBUTION, ETC. (IMPRINT)
Place of publication NewDelhi
Name of publisher Sage publications
Year of publication 1994
942 ## - ADDED ENTRY ELEMENTS (KOHA)
Koha item type Books
Holdings
Withdrawn status Lost status Damaged status Not for loan Home library Current library Date acquired Cost, normal purchase price Full call number Accession Number Koha item type
        RRII Library RRII Library 16/12/2021 350.00 330.34 BHA 21114 Books